The isomonodromic deformation method in the theory of Painleve equations

Saved in:
Bibliographic Details
Main Author: Its, Alexander R.
Other Authors: Novokshenov, Victor Yu
Format: Book
Language:English
Published: Berlin : Springer-Verlag, c1986
Series:Lecture notes in mathematics (Springer-Verlag) ; 1191
Subjects:
Tags: Add Tag
No Tags, Be the first to tag this record!

MARC

LEADER 00000nam a2200000 i 4500
001 1/63784
008 941103s1986 eng d
020 |a 3-540-16483-9 
035 |a 1993  |l 10046849 
040 |a GR-MY-UA  |b gre  |e aacr 
041 0 |a eng 
082 0 |a 515.352 
100 1 |a Its, Alexander R. 
245 1 4 |a The isomonodromic deformation method in the theory of Painleve equations /  |c Alexander R. Its, Victor Yu. Novokshenov 
260 |a Berlin :   |b Springer-Verlag,   |c c1986 
300 |a iv, 313 p.;  |c 25 cm. 
490 1 |a Lecture notes in mathematics (Springer-Verlag)  |v ; 1191 
500 |a Includes bibliographical references and index 
650 0 0 |a Differential equations. 
650 0 0 |a Asymptotic expansions. 
650 0 0 |a Functions, Special. 
650 0 0 |a Isomonodromic deformation method. 
700 1 |a Novokshenov, Victor Yu. 
830 0 |a Lecture notes in mathematics (Springer-Verlag)  |v ; 1191 
852 |a INST  |b SAMOS  |e 19941103  |h 515.352 ITS  |p 005300008196  |q 005300008196  |t BK  |y 0 
909 |a Σ  |b 029092